L1-S1 Anglais - First Aid - Statistiques

Statistiques générales
  • Ce quiz a été pris 5 fois
  • Le résultat moyen est 5 sur 9
Statistiques - réponses
Hint Réponse % Correct
Fracture ouverte Open fracture
100%
Attelle Splint
100%
Évaluer Assess
50%
Malformé Misshapen
50%
Engourdir la douleur Numbing the pain
50%
Antalgique Painkillers
50%
Saignement abondant Profuse bleeding
50%
Gonflement Swelling
50%
Tordu Crooked
0%
Aucun quiz correspondant
Distribution des résultats
% des personnes avec chaque résultat
Percentile par nombre de réponses
Votre historique - résultats
Vous n’avez pas pris ce quiz